01642nam a22002657a 450000500170000000800410001702000180005804000070007604100080008308200170009110000310010824500320013925000060017126000550017730000300023236500940026244000210035652008510037765000370122865000270126565000170129265000180130970000210132770000280134820260326103203.0260326b |||||||| |||| 00| 0 eng d a9780070678811 cAL aeng a515.35bBROD aRichard Bronson and others aDifferential equations Ed 3 a3 aChennaibMcGraw Hill Education India Pvt Ltdc2019 axviii,359pbPBc24x18.5cm 2Information Science and EngineeringaVBI-2645b₹581.25c₹d₹775.00e25%f20-02-2026 aSchaums Outlines aFortunately for you, there's Schaum's Outlines. More than 40 million students have trusted Schaum's to help them succeed in the classroom and on exams. Schaum's is the key to faster learning and higher grades in every subject. Each Outline presents all the essential course information in an easy-to-follow, topic-by-topic format. You also get hundreds of examples, solved problems, and practice exercises to test your skills. This Schaum's Outline gives you Practice problems with full explanations that reinforce knowledge Coverage of the most up-to-date developments in your course field In-depth review of practices and applications Fully compatible with your classroom text, Schaum's highlights all the important facts you need to know. Use Schaum's to shorten your study time-and get your best test scores! Schaum's Outlines-Problem Solved. aModeling and Qualitative Methods aSpecial Indian Edition aCoefficients aEigenfunction aCosta, Gabriel B aDaftardar Gejji, Varsha